| 000 | 00783nam a2200229 a 4500 | ||
|---|---|---|---|
| 005 | 20240920064405.0 | ||
| 008 | 991125s1995 es 000 0 spa u | ||
| 020 | _a8477745056 | ||
| 035 | _aUPN01000041426 | ||
| 049 | _aCG | ||
| 050 | 4 |
_aLB3061 _bJ5.5 |
|
| 100 | 1 |
_aJiménez Ortega, José _928792 |
|
| 245 | 1 | 1 |
_a!No más fracaso escolar! : _benseñe a estudiar a sus hijos : guía para padres, profesores / _cJóse Jiménez Ortega, Isabel Jiménez de la Calle, Julia Alonso Obispo. |
| 260 |
_aMadrid : _bVisor, _c1995. |
||
| 300 | _a263 p. | ||
| 440 | 0 |
_aTextos ; _v5 |
|
| 650 | 4 |
_aEducación _xFines y objetivos _94837 |
|
| 650 | 4 |
_aFracaso escolar _94966 |
|
| 700 | 1 |
_aJiménez de la Calle, Isabel, _ecoaut. |
|
| 700 | 1 |
_aAlonso Obispo, Julia, _ecoaut. _928709 |
|
| 905 | _aLibro | ||
| 999 |
_c41426 _d41426 |
||